Televisionpoint.com

Bibliographic Details
Format: Electronic Journal
Language:English
Published: New Delhi, India : Athena Information Solutions
Subjects:
Online Access:Full text available from Research Library: 06/22/2009 to 09/14/2009

MARC

LEADER 00000nas a2200000 a 4500
001 ssj0000936852
003 WaSeSS
005 20200512172242.0
006 m d
007 cr n
008 120430c20uu9999ii z| p|s|||||| |0eng d
035 |a (WaSeSS)ssj0000936852 
040 |a WaSeSS  |c WaSeSS  |d WaSeSS 
050 4 |a HE8700.9.I5 
245 0 0 |a Televisionpoint.com  |h [electronic resource]. 
260 |a New Delhi, India :  |b Athena Information Solutions 
506 |a License restrictions may limit access. 
588 |a Description based on: June 22, 2009, Gale document number A212076285; title from title screen (Communications & Mass Media, April 27, 2012). 
588 |a Latest issue consulted: Sept. 14, 2009, Gale document number A212076620 (viewed April 27, 2012). 
650 0 |a Television broadcasting  |z India  |v Periodicals. 
655 0 |a Electronic journals. 
856 4 0 |z Full text available from Research Library: 06/22/2009 to 09/14/2009  |u https://search.proquest.com/publication/55087